000 00956nam a22002417a 4500
003 SEM
005 20230306113308.0
008 220331s1913 gs ||||gr||||||01|0|arm|d
040 _aSEM
_cSEM
041 _aarm
080 _a891.981-3/Մ-35
100 _aՄարգար
_c(1880-1944)
_q(Ավետիսյան Մարգար Մկրտչի)
245 _aՎէպիկներ :
_bՔեռին: Նամակ: Բուքը: Կայէնը /
_cՄարգար
246 _a[Վեպիկներ] /
260 _aԹիֆլիս :
_bտպ. Ն. Աղանեանի,
_bԿովկասի հայոց հրատ. ընկ.,
_c1913.
300 _a106 էջ ;
_c19 սմ
490 _aՀանրային մատենադարան
_v18
650 _aՀայ գրականություն
_xարձակ
653 _aՍԷՄ
830 _aՀանրային մատենադարան
_v18
856 _uhttps://haygirk.nla.am/upload/1512-1940/1901-1940/vepikner_margar_1913.pdf
_yԿարդալ առցանց
942 _2udc
_cBK
999 _c50535
_d50535